Podpora tvorby hier v jazyku Elm

Uložené v:
Podrobná bibliografia
Hlavný autor: Kiss, Riccardo (Autor)
Ďalší autori: Kapustík, Ivan (Vedúci práce)
Médium: Rukopis Kniha
Jazyk:Slovak
Vydavateľské údaje: 2023
Predmet:
On-line prístup:http://is.stuba.sk/zp/portal_zp.pl?podrobnosti=157426
Tagy: Pridať tag
Žiadne tagy, Buďte prvý, kto otaguje tento záznam!

MARC

LEADER 00000ntm a22000003a 4500
001 stuzp88025
003 SK-STU
005 20230909210943.8
007 ta
008 150427s2015----xo-----f-mn---000-0-slo-d
040 |a STU  |b slo 
041 0 |a slo 
100 1 |a Kiss, Riccardo  |u 070200  |4 aut  |U FIIT Fakulta informatiky a informačných technológií  |T FIIT Ústav informatiky, informačných systémov a softvérového inžinierstva  |X 96913  |U I200  |Y 179  |7 96913 
242 0 1 |a Support for Game Design in the Elm Language  |y eng 
245 1 0 |a Podpora tvorby hier v jazyku Elm 
260 |c 2023 
650 4 |a lokálne úložisko  |2 slo 
650 4 |a jednostránková aplikácia  |2 slo 
650 4 |a elm  |2 slo 
650 4 |a vývoj hry  |2 slo 
650 4 |a elm  |2 eng 
650 4 |a single-page application  |2 eng 
650 4 |a game development  |2 eng 
650 4 |a local storage  |2 eng 
700 1 |a Kapustík, Ivan  |u 070200  |k Z1  |4 ths  |U FIIT Fakulta informatiky a informačných technológií  |T FIIT Ústav informatiky, informačných systémov a softvérového inžinierstva  |X 111  |U I200  |Y 179  |7 111 
856 4 |u http://is.stuba.sk/zp/portal_zp.pl?podrobnosti=157426